|
|
|
|
| LEADER |
00000cam a2200000 7i4500 |
| 001 |
0000007673 |
| 005 |
20030123.0 |
| 020 |
|
|
|a 0415149932
|
| 040 |
|
|
|a INS
|
| 090 |
0 |
0 |
|a HD1393.55
|b B35 1998
|
| 100 |
1 |
|
|a Ball, Michael
|
| 245 |
1 |
4 |
|a The economics of commercial property markets
|c Michael Ball, Collin Lizieri and Bryan MacGregor
|
| 260 |
|
|
|a London; New York :
|b Routledge ,
|c 1998
|
| 300 |
|
|
|a 402p. ;
|c 24 cm.
|
| 650 |
0 |
0 |
|a Commercial property
|
| 650 |
0 |
0 |
|a Commercial property
|z Great Britain
|
| 650 |
0 |
0 |
|a Commercial real estate
|
| 650 |
0 |
0 |
|a Commercial real estate
|z Great Britain
|
| 650 |
0 |
0 |
|a Real property
|x Economic aspects
|
| 700 |
1 |
|
|a Lizieri, Colin
|
| 700 |
1 |
|
|a MacGregor, Bryan D.
|
| 999 |
|
|
|a 0000007828
|b BOOK
|c Open Shelf
|e Default branch
|